[Event "DVM U20 2021"]
[Site "Kiel GER"]
[Date "2022.07.23"]
[Round "2"]
[White "Koholka, Jan"]
[Black "Hagenmeyer, Felix"]
[Result "1-0"]
[Termination "normal"]
[Board "4.5"]
[WhiteElo "1602"]
[BlackElo "1651"]
[WhiteClock "00:03:59"]
[BlackClock "01:13:43"]
[WhiteTeam "SK Langen"]
[BlackTeam "Heilbronner SV"]
[PlyCount "137"]
[WhiteFideId "34611584"]
[BlackFideId "34612572"]
[EventCountry "GER"]
[EventRounds "7"]
[EventType "team-swiss"]
[EventDate "2022.07.22"]

1. e4 {[%clk 01:30:54]} {[%emt 00:00:05]} c5 {[%clk 01:30:55]} {[%emt
00:00:05]} 2. Nf3 {[%clk 01:31:14]} {[%emt 00:00:10]} Nc6 {[%clk 01:31:21]}
{[%emt 00:00:04]} 3. d4 {[%clk 01:31:34]} {[%emt 00:00:10]} cxd4 {[%clk
01:31:47]} {[%emt 00:00:04]} 4. Nxd4 {[%clk 01:31:42]} {[%emt 00:00:22]} g6
{[%clk 01:32:12]} {[%emt 00:00:05]} 5. c3 {[%clk 01:29:53]} {[%emt 00:02:19]}
Nf6 {[%clk 01:31:52]} {[%emt 00:00:50]} 6. Bd3 {[%clk 01:26:00]} {[%emt
00:04:23]} Bg7 {[%clk 01:29:46]} {[%emt 00:02:36]} 7. O-O {[%clk 01:23:08]}
{[%emt 00:03:22]} O-O {[%clk 01:26:36]} {[%emt 00:03:40]} 8. Bc2 {[%clk
01:18:54]} {[%emt 00:04:44]} d6 {[%clk 01:23:44]} {[%emt 00:03:22]} 9. h3
{[%clk 01:16:07]} {[%emt 00:03:17]} Bd7 {[%clk 01:20:56]} {[%emt 00:03:19]} 10.
Be3 {[%clk 01:12:55]} {[%emt 00:03:42]} Rc8 {[%clk 01:17:51]} {[%emt 00:03:34]}
11. Nd2 {[%clk 01:10:33]} {[%emt 00:02:52]} a6 {[%clk 01:17:29]} {[%emt
00:00:52]} 12. a4 {[%clk 01:07:28]} {[%emt 00:03:35]} Qc7 {[%clk 01:17:02]}
{[%emt 00:00:57]} 13. f4 {[%clk 00:59:59]} {[%emt 00:07:59]} Ng4 {[%clk
01:16:11]} {[%emt 00:01:21]} 14. hxg4 {[%clk 00:50:16]} {[%emt 00:10:13]} Nxd4
{[%clk 01:16:33]} {[%emt 00:00:08]} 15. Bd3 {[%clk 00:49:41]} {[%emt 00:01:05]}
Ne6 {[%clk 01:15:39]} {[%emt 00:01:24]} 16. Qf3 {[%clk 00:46:56]} {[%emt
00:03:15]} Nc5 {[%clk 01:12:26]} {[%emt 00:03:43]} 17. Bc2 {[%clk 00:44:54]}
{[%emt 00:02:31]} b5 {[%clk 01:08:50]} {[%emt 00:04:07]} 18. axb5 {[%clk
00:39:10]} {[%emt 00:06:15]} Bxb5 {[%clk 01:08:22]} {[%emt 00:00:57]} 19. c4
{[%clk 00:35:49]} {[%emt 00:03:51]} Bd7 {[%clk 01:08:21]} {[%emt 00:00:31]} 20.
Rab1 {[%clk 00:35:39]} {[%emt 00:00:40]} f5 {[%clk 01:04:10]} {[%emt 00:04:41]}
21. exf5 {[%clk 00:29:03]} {[%emt 00:07:06]} gxf5 {[%clk 01:04:33]} {[%emt
00:00:07]} 22. g5 {[%clk 00:27:58]} {[%emt 00:01:35]} e5 {[%clk 01:01:20]}
{[%emt 00:03:42]} 23. g3 {[%clk 00:18:25]} {[%emt 00:10:03]} e4 {[%clk
01:00:56]} {[%emt 00:00:55]} 24. Qh5 {[%clk 00:17:34]} {[%emt 00:01:21]} Be8
{[%clk 01:00:50]} {[%emt 00:00:36]} 25. Qh2 {[%clk 00:17:05]} {[%emt 00:00:58]}
Ne6 {[%clk 01:00:06]} {[%emt 00:01:15]} 26. Rfc1 {[%clk 00:15:08]} {[%emt
00:02:27]} Nd4 {[%clk 00:58:37]} {[%emt 00:01:59]} 27. Qf2 {[%clk 00:13:19]}
{[%emt 00:02:19]} Nxc2 {[%clk 00:56:04]} {[%emt 00:03:02]} 28. Rxc2 {[%clk
00:13:45]} {[%emt 00:00:04]} Bf7 {[%clk 00:54:43]} {[%emt 00:01:51]} 29. Bd4
{[%clk 00:12:42]} {[%emt 00:01:33]} Be6 {[%clk 00:53:32]} {[%emt 00:01:41]} 30.
b3 {[%clk 00:12:02]} {[%emt 00:01:11]} Bxd4 {[%clk 00:53:00]} {[%emt 00:01:01]}
31. Qxd4 {[%clk 00:12:21]} {[%emt 00:00:12]} Qc5 {[%clk 00:53:19]} {[%emt
00:00:10]} 32. Qxc5 {[%clk 00:12:23]} {[%emt 00:00:29]} dxc5 {[%clk 00:53:17]}
{[%emt 00:00:32]} 33. Kf2 {[%clk 00:08:33]} {[%emt 00:04:20]} Rfd8 {[%clk
00:53:24]} {[%emt 00:00:23]} 34. Nf1 {[%clk 00:05:52]} {[%emt 00:03:10]} Rd3
{[%clk 00:53:06]} {[%emt 00:00:48]} 35. Ne3 {[%clk 00:05:23]} {[%emt 00:01:00]}
Rcd8 {[%clk 00:52:45]} {[%emt 00:00:51]} 36. Rbb2 {[%clk 00:05:36]} {[%emt
00:00:17]} a5 {[%clk 00:51:16]} {[%emt 00:02:00]} 37. Ra2 {[%clk 00:01:27]}
{[%emt 00:04:38]} Rxb3 {[%clk 00:51:09]} {[%emt 00:00:37]} 38. Rxa5 {[%clk
00:01:31]} {[%emt 00:00:26]} Rdd3 {[%clk 00:51:15]} {[%emt 00:00:24]} 39. Re2
{[%clk 00:00:53]} {[%emt 00:01:08]} Rbc3 {[%clk 00:45:01]} {[%emt 00:06:44]}
40. Rxc5 {[%clk 00:01:16]} {[%emt 00:00:07]} Rd4 {[%clk 00:45:25]} {[%emt
00:00:06]} 41. Nxf5 {[%clk 00:00:50]} {[%emt 00:00:56]} Rf3+ {[%clk 00:43:57]}
{[%emt 00:01:57]} 42. Kg2 {[%clk 00:22:38]} {[%emt 00:08:42]} Bxf5 {[%clk
01:11:07]} {[%emt 00:03:21]} 43. Rxf5 {[%clk 00:22:26]} {[%emt 00:00:41]} Rc3
{[%clk 01:11:22]} {[%emt 00:00:16]} 44. c5 {[%clk 00:20:59]} {[%emt 00:01:57]}
Rdd3 {[%clk 01:11:25]} {[%emt 00:00:27]} 45. Rxe4 {[%clk 00:19:52]} {[%emt
00:01:37]} Rc2+ {[%clk 01:11:06]} {[%emt 00:00:49]} 46. Kh3 {[%clk 00:18:10]}
{[%emt 00:02:10]} Rcc3 {[%clk 01:11:27]} {[%emt 00:00:10]} 47. Re8+ {[%clk
00:17:49]} {[%emt 00:00:51]} Kg7 {[%clk 01:11:50]} {[%emt 00:00:08]} 48. Re7+
{[%clk 00:18:10]} {[%emt 00:00:09]} Kg8 {[%clk 01:12:13]} {[%emt 00:00:06]} 49.
Re2 {[%clk 00:08:59]} {[%emt 00:09:42]} Rxg3+ {[%clk 01:12:19]} {[%emt
00:00:23]} 50. Kh2 {[%clk 00:08:53]} {[%emt 00:00:36]} Rh3+ {[%clk 01:10:51]}
{[%emt 00:01:59]} 51. Kg2 {[%clk 00:08:56]} {[%emt 00:00:27]} Rcf3 {[%clk
01:11:02]} {[%emt 00:00:19]} 52. c6 {[%clk 00:05:18]} {[%emt 00:04:08]} Rfg3+
{[%clk 01:11:07]} {[%emt 00:00:25]} 53. Kf2 {[%clk 00:05:20]} {[%emt 00:00:27]}
Rf3+ {[%clk 01:11:30]} {[%emt 00:00:07]} 54. Ke1 {[%clk 00:05:19]} {[%emt
00:00:32]} Ra3 {[%clk 01:10:18]} {[%emt 00:01:42]} 55. c7 {[%clk 00:03:48]}
{[%emt 00:02:02]} Ra8 {[%clk 01:10:13]} {[%emt 00:00:34]} 56. Rd5 {[%clk
00:02:24]} {[%emt 00:01:54]} Rf8 {[%clk 01:10:33]} {[%emt 00:00:09]} 57. Rd8
{[%clk 00:02:26]} {[%emt 00:00:28]} Rc3 {[%clk 01:10:59]} {[%emt 00:00:05]} 58.
Ree8 {[%clk 00:02:01]} {[%emt 00:00:54]} Rxc7 {[%clk 01:11:14]} {[%emt
00:00:15]} 59. Rxf8+ {[%clk 00:02:25]} {[%emt 00:00:07]} Kg7 {[%clk 01:11:38]}
{[%emt 00:00:06]} 60. Rg8+ {[%clk 00:02:44]} {[%emt 00:00:11]} Kf7 {[%clk
01:11:58]} {[%emt 00:00:10]} 61. Rdf8+ {[%clk 00:02:45]} {[%emt 00:00:29]} Ke6
{[%clk 01:12:22]} {[%emt 00:00:05]} 62. f5+ {[%clk 00:02:54]} {[%emt 00:00:21]}
Ke5 {[%clk 01:12:41]} {[%emt 00:00:11]} 63. f6 {[%clk 00:02:43]} {[%emt
00:00:41]} Kf4 {[%clk 01:12:13]} {[%emt 00:00:58]} 64. f7 {[%clk 00:02:40]}
{[%emt 00:00:33]} Re7+ {[%clk 01:12:06]} {[%emt 00:00:38]} 65. Kd2 {[%clk
00:02:58]} {[%emt 00:00:11]} Rd7+ {[%clk 01:12:31]} {[%emt 00:00:06]} 66. Kc3
{[%clk 00:03:19]} {[%emt 00:00:09]} Rc7+ {[%clk 01:12:53]} {[%emt 00:00:07]}
67. Kd4 {[%clk 00:03:30]} {[%emt 00:00:19]} Rd7+ {[%clk 01:13:18]} {[%emt
00:00:06]} 68. Kc5 {[%clk 00:03:53]} {[%emt 00:00:07]} Rc7+ {[%clk 01:13:43]}
{[%emt 00:00:05]} 69. Kd6 {[%clk 00:03:59]} {[%emt 00:00:23]} 1-0

[Event "DVM U20 2021"]
[Site "Kiel GER"]
[Date "2022.07.23"]
[Round "2"]
[White "Stahl, Johannes"]
[Black "Riegel, Simon"]
[Result "1-0"]
[Termination "normal"]
[Board "4.6"]
[WhiteElo "1630"]
[BlackElo "1285"]
[WhiteClock "00:16:15"]
[BlackClock "00:03:58"]
[WhiteTeam "Heilbronner SV"]
[BlackTeam "SK Langen"]
[PlyCount "159"]
[WhiteFideId "34620109"]
[BlackFideId "34628410"]
[EventCountry "GER"]
[EventRounds "7"]
[EventType "team-swiss"]
[EventDate "2022.07.22"]

1. d4 {[%clk 01:30:59]} f5 {[%clk 01:30:16]} {[%emt 00:00:44]} 2. c4 {[%clk
01:30:55]} {[%emt 00:00:34]} Nf6 {[%clk 01:30:24]} {[%emt 00:00:23]} 3. g3
{[%clk 01:30:43]} {[%emt 00:00:42]} c6 {[%clk 01:29:59]} {[%emt 00:00:55]} 4.
Nc3 {[%clk 01:28:27]} {[%emt 00:02:45]} d5 {[%clk 01:29:18]} {[%emt 00:01:11]}
5. cxd5 {[%clk 01:28:19]} {[%emt 00:00:39]} cxd5 {[%clk 01:29:31]} {[%emt
00:00:17]} 6. Bg2 {[%clk 01:27:58]} {[%emt 00:00:50]} Nc6 {[%clk 01:29:03]}
{[%emt 00:00:58]} 7. Nf3 {[%clk 01:27:28]} {[%emt 00:01:00]} e6 {[%clk
01:29:06]} {[%emt 00:00:27]} 8. O-O {[%clk 01:27:02]} {[%emt 00:00:56]} Be7
{[%clk 01:28:35]} {[%emt 00:01:02]} 9. Bf4 {[%clk 01:25:49]} {[%emt 00:01:43]}
Ne4 {[%clk 01:26:31]} {[%emt 00:02:33]} 10. Nb5 {[%clk 01:23:28]} {[%emt
00:02:49]} Nd6 {[%clk 01:25:36]} {[%emt 00:01:27]} 11. Nxd6+ {[%clk 01:23:27]}
{[%emt 00:00:31]} Bxd6 {[%clk 01:24:49]} {[%emt 00:01:16]} 12. Rc1 {[%clk
01:22:22]} {[%emt 00:01:35]} Bxf4 {[%clk 01:23:58]} {[%emt 00:01:23]} 13. gxf4
{[%clk 01:22:41]} {[%emt 00:00:10]} O-O {[%clk 01:22:45]} {[%emt 00:01:42]} 14.
a3 {[%clk 01:22:35]} {[%emt 00:00:37]} a5 {[%clk 01:22:16]} {[%emt 00:00:59]}
15. Ne5 {[%clk 01:20:59]} {[%emt 00:02:04]} Nxe5 {[%clk 01:21:09]} {[%emt
00:01:40]} 16. fxe5 {[%clk 01:20:53]} {[%emt 00:00:36]} g5 {[%clk 01:20:17]}
{[%emt 00:01:22]} 17. Kh1 {[%clk 01:17:25]} {[%emt 00:03:58]} Kh8 {[%clk
01:18:24]} {[%emt 00:02:23]} 18. Rc3 {[%clk 01:17:02]} {[%emt 00:00:51]} g4
{[%clk 01:18:01]} {[%emt 00:00:55]} 19. Qd2 {[%clk 01:14:25]} {[%emt 00:03:06]}
f4 {[%clk 01:16:34]} {[%emt 00:01:57]} 20. Rfc1 {[%clk 01:10:47]} {[%emt
00:04:08]} Bd7 {[%clk 01:13:36]} {[%emt 00:03:28]} 21. e3 {[%clk 01:08:26]}
{[%emt 00:02:49]} f3 {[%clk 01:11:02]} {[%emt 00:03:06]} 22. Bf1 {[%clk
01:08:49]} {[%emt 00:00:06]} Rf5 {[%clk 01:06:16]} {[%emt 00:05:17]} 23. Bd3
{[%clk 01:05:54]} {[%emt 00:03:25]} Rh5 {[%clk 01:06:27]} {[%emt 00:00:19]} 24.
Qe1 {[%clk 01:05:50]} {[%emt 00:00:34]} Qh4 {[%clk 01:06:45]} {[%emt 00:00:12]}
25. Qg1 {[%clk 01:05:55]} {[%emt 00:00:24]} Rg8 {[%clk 01:07:04]} {[%emt
00:00:12]} 26. Qg3 {[%clk 01:04:39]} {[%emt 00:01:46]} Qxg3 {[%clk 01:03:41]}
{[%emt 00:03:53]} 27. fxg3 {[%clk 01:04:59]} {[%emt 00:00:10]} Bc6 {[%clk
01:03:55]} {[%emt 00:00:16]} 28. Rc5 {[%clk 01:03:52]} {[%emt 00:01:36]} Ra8
{[%clk 01:03:13]} {[%emt 00:01:12]} 29. Bb5 {[%clk 01:02:34]} {[%emt 00:01:47]}
Rh6 {[%clk 00:46:59]} {[%emt 00:16:46]} 30. Bxc6 {[%clk 01:01:02]} {[%emt
00:02:02]} bxc6 {[%clk 00:47:14]} {[%emt 00:00:15]} 31. Rxc6 {[%clk 01:00:47]}
{[%emt 00:00:45]} Kg7 {[%clk 00:45:56]} {[%emt 00:01:48]} 32. Rd6 {[%clk
00:57:55]} {[%emt 00:03:22]} Rf8 {[%clk 00:43:51]} {[%emt 00:02:34]} 33. Ra6
{[%clk 00:55:37]} {[%emt 00:02:48]} Rb8 {[%clk 00:42:50]} {[%emt 00:01:31]} 34.
Rc7+ {[%clk 00:51:52]} {[%emt 00:04:16]} Kg8 {[%clk 00:43:00]} {[%emt
00:00:19]} 35. Rc2 {[%clk 00:49:35]} {[%emt 00:02:46]} Rf8 {[%clk 00:41:00]}
{[%emt 00:02:31]} 36. Rf2 {[%clk 00:47:29]} {[%emt 00:02:36]} Rc8 {[%clk
00:40:44]} {[%emt 00:00:46]} 37. h4 {[%clk 00:44:53]} {[%emt 00:03:06]} gxh3
{[%clk 00:38:42]} {[%emt 00:02:33]} 38. Kh2 {[%clk 00:44:40]} {[%emt 00:00:42]}
Kg7 {[%clk 00:37:47]} {[%emt 00:01:26]} 39. Rxa5 {[%clk 00:44:25]} {[%emt
00:00:45]} Kg6 {[%clk 00:37:58]} {[%emt 00:00:18]} 40. Rc5 {[%clk 00:41:46]}
{[%emt 00:03:09]} Rb8 {[%clk 00:37:43]} {[%emt 00:00:46]} 41. b4 {[%clk
00:40:50]} {[%emt 00:01:25]} Ra8 {[%clk 00:37:55]} {[%emt 00:00:18]} 42. Rc3
{[%clk 00:41:02]} {[%emt 00:00:18]} Rf8 {[%clk 00:34:37]} {[%emt 00:03:48]} 43.
a4 {[%clk 00:40:24]} {[%emt 00:01:08]} Kg5 {[%clk 00:34:59]} {[%emt 00:00:09]}
44. b5 {[%clk 00:40:18]} {[%emt 00:00:36]} Ra8 {[%clk 00:34:21]} {[%emt
00:01:08]} 45. Ra3 {[%clk 00:40:12]} {[%emt 00:00:35]} Kg4 {[%emt 00:00:23]}
46. a5 {[%clk 00:40:09]} {[%emt 00:00:31]} Rg6 {[%clk 00:34:10]} {[%emt
00:00:51]} 47. b6 {[%clk 00:40:04]} {[%emt 00:00:35]} Ra6 {[%clk 00:31:01]}
{[%emt 00:03:39]} 48. Rb2 {[%clk 00:37:54]} {[%emt 00:02:40]} Rg8 {[%clk
00:30:06]} {[%emt 00:01:25]} 49. Raa2 {[%clk 00:37:17]} {[%emt 00:01:06]} Rb8
{[%clk 00:22:55]} {[%emt 00:07:42]} 50. Rc2 {[%clk 00:34:57]} {[%emt 00:02:50]}
Kf5 {[%clk 00:19:21]} {[%emt 00:04:04]} 51. Kxh3 {[%clk 00:33:55]} {[%emt
00:01:32]} Ke4 {[%clk 00:19:38]} {[%emt 00:00:12]} 52. Ra3 {[%clk 00:31:15]}
{[%emt 00:03:10]} Rbxb6 {[%clk 00:18:57]} {[%emt 00:01:12]} 53. Rc7 {[%clk
00:28:46]} {[%emt 00:02:58]} Kf5 {[%clk 00:16:50]} {[%emt 00:02:38]} 54. Rf7+
{[%clk 00:27:59]} {[%emt 00:01:16]} Kg5 {[%clk 00:16:54]} {[%emt 00:00:26]} 55.
axb6 {[%clk 00:26:20]} {[%emt 00:02:09]} Rxa3 {[%clk 00:16:57]} {[%emt
00:00:27]} 56. Rxf3 {[%clk 00:25:45]} {[%emt 00:01:05]} Rb3 {[%clk 00:17:14]}
{[%emt 00:00:14]} 57. Rf7 {[%clk 00:25:44]} {[%emt 00:00:30]} Rxb6 {[%clk
00:15:35]} {[%emt 00:02:10]} 58. Kg2 {[%clk 00:23:32]} {[%emt 00:02:42]} Kg6
{[%clk 00:14:39]} {[%emt 00:01:26]} 59. Re7 {[%clk 00:22:54]} {[%emt 00:01:07]}
h5 {[%clk 00:13:50]} {[%emt 00:01:20]} 60. Kf3 {[%clk 00:22:23]} {[%emt
00:01:00]} Kf5 {[%clk 00:14:08]} {[%emt 00:00:13]} 61. Rf7+ {[%clk 00:22:00]}
{[%emt 00:00:53]} Kg6 {[%clk 00:14:18]} {[%emt 00:00:18]} 62. Rf4 {[%clk
00:21:00]} {[%emt 00:01:30]} Kg5 {[%clk 00:12:44]} {[%emt 00:02:06]} 63. Rf8
{[%clk 00:19:14]} {[%emt 00:02:16]} Kg6 {[%clk 00:11:08]} {[%emt 00:02:06]} 64.
Kf4 {[%clk 00:18:52]} {[%emt 00:00:51]} Kg7 {[%clk 00:07:03]} {[%emt 00:04:36]}
65. Rf6 {[%clk 00:18:59]} {[%emt 00:00:23]} Ra6 {[%clk 00:05:17]} {[%emt
00:02:15]} 66. Kg5 {[%clk 00:18:54]} {[%emt 00:00:35]} Ra3 {[%clk 00:05:31]}
{[%emt 00:00:16]} 67. Rf3 {[%clk 00:19:04]} {[%emt 00:00:21]} Rb3 {[%clk
00:04:58]} {[%emt 00:01:02]} 68. Kxh5 {[%clk 00:19:00]} {[%emt 00:00:35]} Ra3
{[%clk 00:05:08]} {[%emt 00:00:20]} 69. Kg5 {[%clk 00:17:13]} {[%emt 00:02:16]}
Rb3 {[%clk 00:05:20]} {[%emt 00:00:18]} 70. Kf4 {[%clk 00:17:24]} {[%emt
00:00:18]} Rb4 {[%clk 00:04:38]} {[%emt 00:01:14]} 71. Rf2 {[%clk 00:17:27]}
{[%emt 00:00:27]} Ra4 {[%clk 00:04:41]} {[%emt 00:00:24]} 72. Rb2 {[%clk
00:17:44]} {[%emt 00:00:13]} Ra3 {[%clk 00:03:40]} {[%emt 00:01:33]} 73. Rb7+
{[%clk 00:17:26]} {[%emt 00:00:49]} Kf8 {[%clk 00:03:42]} {[%emt 00:00:28]} 74.
g4 {[%clk 00:17:33]} {[%emt 00:00:22]} Ke8 {[%clk 00:03:27]} {[%emt 00:00:46]}
75. g5 {[%clk 00:15:26]} {[%emt 00:02:35]} Kf8 {[%clk 00:03:47]} {[%emt
00:00:12]} 76. g6 {[%clk 00:15:44]} {[%emt 00:00:11]} Ra1 {[%clk 00:03:32]}
{[%emt 00:00:44]} 77. Kg5 {[%clk 00:15:48]} {[%emt 00:00:27]} Rf1 {[%clk
00:03:23]} {[%emt 00:00:39]} 78. Rf7+ {[%clk 00:15:28]} {[%emt 00:00:50]} Rxf7
{[%clk 00:03:39]} {[%emt 00:00:15]} 79. gxf7 {[%clk 00:15:57]} Kxf7 {[%clk
00:03:58]} {[%emt 00:00:11]} 80. Kh6 {[%clk 00:16:15]} {[%emt 00:00:10]} 1-0

[Event "DVM U20 2021"]
[Site "Kiel GER"]
[Date "2022.07.23"]
[Round "2"]
[White "Koll, Lukas"]
[Black "Knüdel, Torben"]
[Result "0-1"]
[Termination "normal"]
[Board "5.1"]
[WhiteElo "2060"]
[BlackElo "2210"]
[WhiteClock "00:15:17"]
[BlackClock "00:48:58"]
[WhiteTeam "Karlsruher SF 1853"]
[BlackTeam "Post SV Uelzen"]
[PlyCount "118"]
[WhiteFideId "12969737"]
[BlackFideId "16208820"]
[EventCountry "GER"]
[EventRounds "7"]
[EventType "team-swiss"]
[EventDate "2022.07.22"]

1. c4 {[%clk 01:30:58]} e5 {[%clk 01:30:57]} {[%emt 00:00:04]} 2. g3 {[%clk
01:31:24]} {[%emt 00:00:04]} c6 {[%clk 01:31:24]} {[%emt 00:00:03]} 3. d4
{[%clk 01:31:51]} {[%emt 00:00:03]} exd4 {[%clk 01:31:50]} {[%emt 00:00:03]} 4.
Qxd4 {[%clk 01:32:18]} {[%emt 00:00:04]} Nf6 {[%clk 01:32:17]} {[%emt
00:00:03]} 5. Bg2 {[%clk 01:31:38]} {[%emt 00:01:10]} Na6 {[%clk 01:32:37]}
{[%emt 00:00:10]} 6. Nf3 {[%clk 01:29:34]} {[%emt 00:02:34]} Bc5 {[%clk
01:32:55]} {[%emt 00:00:11]} 7. Qd1 {[%clk 01:21:15]} {[%emt 00:08:49]} O-O
{[%clk 01:31:37]} {[%emt 00:01:47]} 8. O-O {[%clk 01:20:27]} {[%emt 00:01:19]}
d5 {[%clk 01:31:12]} {[%emt 00:00:55]} 9. cxd5 {[%clk 01:20:32]} {[%emt
00:00:25]} Nxd5 {[%clk 01:30:57]} {[%emt 00:00:45]} 10. a3 {[%clk 01:18:07]}
{[%emt 00:02:56]} Re8 {[%clk 01:28:20]} {[%emt 00:03:07]} 11. b4 {[%clk
01:14:13]} {[%emt 00:04:24]} Be7 {[%clk 01:26:53]} {[%emt 00:01:56]} 12. Bb2
{[%clk 01:13:31]} {[%emt 00:01:12]} Bf6 {[%clk 01:27:18]} {[%emt 00:00:05]} 13.
Qc2 {[%clk 01:05:39]} {[%emt 00:08:22]} Nac7 {[%clk 01:23:18]} {[%emt
00:04:30]} 14. e3 {[%clk 01:01:39]} {[%emt 00:04:31]} a5 {[%clk 01:18:09]}
{[%emt 00:05:38]} 15. bxa5 {[%clk 00:59:03]} {[%emt 00:03:06]} Rxa5 {[%clk
01:18:20]} {[%emt 00:00:19]} 16. Nbd2 {[%clk 00:50:25]} {[%emt 00:09:08]} Qe7
{[%clk 01:05:58]} {[%emt 00:12:52]} 17. Bxf6 {[%clk 00:44:46]} {[%emt
00:06:09]} Nxf6 {[%clk 01:05:04]} {[%emt 00:01:24]} 18. a4 {[%clk 00:42:22]}
{[%emt 00:02:54]} Ncd5 {[%clk 01:04:32]} {[%emt 00:01:02]} 19. Nb3 {[%clk
00:40:40]} {[%emt 00:02:13]} Nb4 {[%clk 01:00:03]} {[%emt 00:04:59]} 20. Qe2
{[%clk 00:34:25]} {[%emt 00:06:42]} Ra8 {[%clk 00:59:02]} {[%emt 00:01:33]} 21.
Rfd1 {[%clk 00:32:15]} {[%emt 00:02:40]} Nfd5 {[%clk 00:58:45]} {[%emt
00:00:47]} 22. Rdc1 {[%clk 00:30:00]} {[%emt 00:02:45]} Bg4 {[%clk 00:55:56]}
{[%emt 00:03:18]} 23. a5 {[%clk 00:21:10]} {[%emt 00:09:20]} Qf6 {[%clk
00:48:09]} {[%emt 00:08:16]} 24. Nbd4 {[%clk 00:19:25]} {[%emt 00:02:16]} Rac8
{[%clk 00:46:11]} {[%emt 00:02:29]} 25. Ra3 {[%clk 00:10:56]} {[%emt 00:09:00]}
c5 {[%clk 00:40:31]} {[%emt 00:06:09]} 26. Nb5 {[%clk 00:10:44]} {[%emt
00:00:42]} c4 {[%clk 00:38:24]} {[%emt 00:02:38]} 27. Nc3 {[%clk 00:07:49]}
{[%emt 00:03:25]} Nxc3 {[%clk 00:27:01]} {[%emt 00:11:53]} 28. Rcxc3 {[%clk
00:07:34]} {[%emt 00:00:45]} Nd5 {[%clk 00:26:50]} {[%emt 00:00:40]} 29. Rc1
{[%clk 00:07:30]} {[%emt 00:00:32]} c3 {[%clk 00:25:51]} {[%emt 00:01:31]} 30.
Ra4 {[%clk 00:03:14]} {[%emt 00:04:46]} Bh5 {[%clk 00:25:34]} {[%emt 00:00:48]}
31. g4 {[%clk 00:02:43]} {[%emt 00:01:01]} Bg6 {[%clk 00:22:00]} {[%emt
00:04:04]} 32. Rd4 {[%clk 00:01:31]} {[%emt 00:01:41]} Nf4 {[%clk 00:20:10]}
{[%emt 00:02:21]} 33. Rxf4 {[%clk 00:00:58]} {[%emt 00:01:04]} Qxf4 {[%clk
00:20:11]} {[%emt 00:00:29]} 34. exf4 {[%clk 00:01:24]} {[%emt 00:00:04]} Rxe2
{[%clk 00:20:31]} {[%emt 00:00:10]} 35. f5 {[%clk 00:01:51]} {[%emt 00:00:04]}
Rb2 {[%clk 00:17:21]} {[%emt 00:03:39]} 36. Ne1 {[%clk 00:00:43]} {[%emt
00:01:38]} c2 {[%clk 00:16:01]} {[%emt 00:01:51]} 37. Nxc2 {[%clk 00:00:37]}
{[%emt 00:00:36]} Bxf5 {[%clk 00:15:15]} {[%emt 00:01:15]} 38. gxf5 {[%clk
00:01:01]} {[%emt 00:00:06]} Rbxc2 {[%clk 00:15:41]} {[%emt 00:00:05]} 39. Rxc2
{[%clk 00:01:20]} {[%emt 00:00:11]} Rxc2 {[%clk 00:16:09]} {[%emt 00:00:02]}
40. Bxb7 {[%clk 00:01:45]} {[%emt 00:00:06]} Ra2 {[%clk 00:16:27]} {[%emt
00:00:10]} 41. a6 {[%clk 00:02:08]} {[%emt 00:00:09]} Kf8 {[%clk 00:16:53]}
{[%emt 00:00:03]} 42. Kg2 {[%clk 00:26:46]} {[%emt 00:05:52]} Ke7 {[%clk
00:46:50]} {[%emt 00:00:33]} 43. Kg3 {[%clk 00:24:46]} {[%emt 00:02:30]} Kf6
{[%clk 00:47:07]} {[%emt 00:00:12]} 44. Bc8 {[%clk 00:24:53]} {[%emt 00:00:24]}
Ke5 {[%clk 00:45:53]} {[%emt 00:01:40]} 45. Kg2 {[%clk 00:24:04]} {[%emt
00:01:23]} Ra3 {[%clk 00:45:43]} {[%emt 00:00:39]} 46. Kg1 {[%clk 00:23:30]}
{[%emt 00:01:04]} f6 {[%clk 00:46:00]} {[%emt 00:00:13]} 47. Kg2 {[%clk
00:22:32]} {[%emt 00:01:29]} Kf4 {[%clk 00:46:15]} {[%emt 00:00:14]} 48. h3
{[%clk 00:17:06]} {[%emt 00:05:56]} Ra1 {[%clk 00:46:36]} {[%emt 00:00:09]} 49.
Bb7 {[%clk 00:15:53]} {[%emt 00:01:44]} Kxf5 {[%clk 00:45:53]} {[%emt
00:01:12]} 50. Kg3 {[%clk 00:15:11]} {[%emt 00:01:12]} Ra3+ {[%clk 00:46:13]}
{[%emt 00:00:10]} 51. Kg2 {[%clk 00:14:54]} {[%emt 00:00:48]} Kf4 {[%clk
00:46:27]} {[%emt 00:00:14]} 52. Bc8 {[%clk 00:15:12]} {[%emt 00:00:13]} h5
{[%clk 00:46:24]} {[%emt 00:00:32]} 53. Bb7 {[%clk 00:15:25]} {[%emt 00:00:18]}
g5 {[%clk 00:46:48]} {[%emt 00:00:05]} 54. Bc8 {[%clk 00:15:45]} {[%emt
00:00:11]} f5 {[%clk 00:47:11]} {[%emt 00:00:07]} 55. Bb7 {[%clk 00:15:53]}
{[%emt 00:00:22]} h4 {[%clk 00:47:34]} {[%emt 00:00:06]} 56. Bc8 {[%clk
00:16:16]} {[%emt 00:00:07]} g4 {[%clk 00:47:56]} {[%emt 00:00:08]} 57. hxg4
{[%clk 00:14:54]} {[%emt 00:01:53]} fxg4 {[%clk 00:48:17]} {[%emt 00:00:09]}
58. Bb7 {[%clk 00:15:08]} {[%emt 00:00:17]} Ra2 {[%clk 00:48:39]} {[%emt
00:00:07]} 59. Bc8 {[%clk 00:15:17]} {[%emt 00:00:21]} g3 {[%clk 00:48:58]}
{[%emt 00:00:11]} 0-1